000 00526nam a22001817a 4500
005 20251108175658.0
008 250721s2004 xx 000 0 ara d
082 1 4 _aط/ق/عرف
100 1 _aعرفات، احمد
245 1 0 _aخذوني الى السماء /
264 1 _aعمان :
_bامانة عمان،
_c2004.
300 _a30ص.
650 1 7 _aادب الاطفال
650 1 7 _aالقصص القصيرة
653 _aاطفال مرحلة متوسطة (6-9) سنة
942 _2ddc
_cBK
999 _c139826
_d139826